| 000 | 00651nam a2200217 a 4500 | ||
|---|---|---|---|
| 001 | 000012837 | ||
| 005 | 20200929163102.0 | ||
| 008 | 091117s1995 ec 001 f spa d | ||
| 020 | _a9978802673 | ||
| 040 |
_aDO-SdBNP _bspa _cBNPHU |
||
| 082 |
_aE863.44 _bP438t |
||
| 100 | 1 |
_aPérez Torres, Raúl, _d1941- _917837 |
|
| 245 | 1 | 0 |
_aTeoría del desencanto / _cRaúl Pérez Torres. |
| 260 |
_aQuito : _bEcuador F.B.T. Cía Ltda, _c1995. |
||
| 300 |
_a196, [1] p. ; _c20 cm. |
||
| 490 | 1 | _aCrónica de sueños | |
| 650 | 4 |
_aNovela ecuatoriana _95017 |
|
| 650 | 4 |
_aLiteratura ecuatoriana _93938 |
|
| 830 | 0 |
_aCrónica de sueños _921507 |
|
| 049 | _aBNGR | ||
| 999 |
_c12485 _d12485 |
||